000 02186nam a2200457 c 4500
003 BLK
005 20180422113505.0
008 180410b bul|||||r ||||||| ||bul||
010 _aKNG00163933000
040 _aBLK
041 _aBUL
_cBUL
080 _aБългарска литература
_b821.163.2
_x-94
_z821.163.2-94
080 _aКомунистически партии. Вж и 327.323
_b329.15
_x(497.2)БКП(092)(093.3)
_z329.15(497.2)БКП(092)(093.3)
080 _aДеец на БКП
_b929 Попов, Благой Симеонов
_x
_z929 Попов, Благой Симеонов
100 1 _aПопов, Благой Симеонов
_eпърви автор
_9378250
700 1 _aГригоров, Боян
_eсъстав. и ред.
_9381302
700 1 _aСтоянов, Милан
_eсъстав. и ред.
_9381303
139 _aПопов, Благой Симеонов
_bП 76
245 1 0 _aОт процеса в Лайпциг до лагерите в Сибир
_bСпомени
_cБлагой Симеонов Попов; състав. и ред. Боян Григоров; състав. и ред. Милан Стоянов.
257 _aBGR
260 София
_bХристо Ботев
_c1991
_fСофия : Д. Благоев
300 _a391 с., 7 л.
_bил., портр., факс.
_c21 см
380 _a3
500 _a4 770 тир. - Съдържа и Спомени за Благой Попов. - Липсват сведения за 1. изд.
600 1 4 _aПопов, Благой Симеонов
_9378250
650 4 _aПопов, Благой Симеонов
_9378250
650 4 _aБКП - дейци - спомени
_9241772
650 4 _aПолитически процеси
_9318233
651 4 _aСССР
_9179592
651 4 _aБългария
_9241624
653 _aБлагой Попов
653 _aантифашисти
653 _aполитически репресии
653 _aкомунисти
653 _aспомени
852 _aЦб 165210
856 4 _qpdf
_u
856 4 _qpdf
_u
942 _cKNG
_n0
944 _aCR
_c08.08.2014
_lф / 08.08.2014
_kЛюбка_Николова
944 _aED
_c28.01.2015
_lф / 08.08.2014
_kЛюдмила_Стоянова
999 _c157017
_d157017